• 首页
  • 本馆介绍
  • 公告通知
  • 最新文献
  • 馆藏检索
  • 电子资源
  • 读者导购
  • 参考咨询
  • 我的图书馆
  • 登录
  • 详细信息显示
  • 放入我的书架
  • 预约/预借图书
  • 作者相关作品
  • 分类相关作品
  • 丛书相关作品
  • 出版社相关作品

书目信息

  • 表格格式
  • 工作单格式
  • 卡片格式
书名: Vogel's Textbook of Macro and semimicro qualitative inorganic analysis
作者:
分册号:
分册名:
出版地: London ;
 
出版社: Longman
出版时间: 1979.
页数: xiii, 605 p. :
开本: 24 cm.
丛书名:
中图分类号:
科图分类号:
其他分类号: O654:H31
主题词:
电子资源:
000 01138pam 2200289 i 4504
001 E0754470991
005 20070227151008.89
008 030613s1979 enka 00000 eng
010    @a77008290
020    @a0582443679 :@cCNY3.30.
040    @aDLC@cDLC@dMIA
090    @aP421.1/W26
090    @aO654:H31
099    @dO654:H31@e7
100 1  @aVogel, Arthur Israel.
240 00 @aTextbook of Macro and semimicro qualitative inorganic analysis.
245 10 @aVogel's Textbook of Macro and semimicro qualitative inorganic analysis.
250    @a5th ed. / :@brev. by G. Svehla.
260 0  @aLondon ;@aNew York :@bLongman,@c1979.
300    @axiii, 605 p. :@bill. ;@c24 cm.
500    @aIncludes index.
500    @aFirst-3d ed. published under title: A text-book of qualitative chemical analysis; 4th ed. published under title: A text-book of macro and semimicro qualitative inorganic analysis.
650  0 @aChemistry, Analytic@xQualitative.
650  0 @aChemistry, Inorganic.
700 10 @aSvehla, G.
740 0  @aTextbook of Macro and semimicro qualitative inorganic analysis.
920    @a232010@z2
    
    Vogel's Textbook of Macro and semimicro qualitative inorganic analysis.-5th ed. / : : rev. by G. Svehla.-London ; ; New York : : Longman, , 1979.
    xiii, 605 p. : : ill. ; ; 24 cm.
    Includes index.-First-3d ed. published under title: A text-book of qualitative chemical analysis; 4th ed. published under title: A text-book of macro and semimicro qualitative inorganic analysis.
    
    ISBN 0582443679 :CNY3.30.
    
●
相关链接 在E读中查询图书 在五车中查询图书 在当当中查询图书 在豆瓣中查询图书


正题名:Vogel's Textbook of Macro and semimicro qualitative inorganic analysis     索取号:O654:H31/7         预约/预借

序号 登录号 条形码 馆藏地/架位号 状态 备注
1 49254   000636002   第四借阅区/ [索取号:O654:H31/7] 在馆    
唐山师范学院图书馆 欢迎您!
大连网信软件有限公司© 版权所有